ARRUPE JESUIT UNIVERSITY

CORONAVIRUS -STOP THE SPREAD - CLEAN,DISINFECT,COVER

Augustine (Record no. 33345)

MARC details
000 -LEADER
fixed length control field 00493nam a2200205Ia 4500
003 - CONTROL NUMBER IDENTIFIER
control field 0100
005 - DATE AND TIME OF LATEST TRANSACTION
control field 20161202093409.0
008 - FIXED-LENGTH DATA ELEMENTS--GENERAL INFORMATION
fixed length control field 130303s9999 xx 000 0 und d
040 ## - CATALOGING SOURCE
Transcribing agency ARRUPELIB
050 ## - LIBRARY OF CONGRESS CALL NUMBER
Classification number BR65.A92T4 1970
300 ## - PHYSICAL DESCRIPTION
Other physical details 22cm.
100 ## - MAIN ENTRY--PERSONAL NAME
Personal name Tesselle, Eugene
9 (RLIN) 27858
245 ## - TITLE STATEMENT
Title Augustine
245 ## - TITLE STATEMENT
Remainder of title the theologian
260 ## - PUBLICATION, DISTRIBUTION, ETC. (IMPRINT)
Place of publication, distribution, etc New York
260 ## - PUBLICATION, DISTRIBUTION, ETC. (IMPRINT)
Name of publisher, distributor, etc Herder and Herder, Inc.
300 ## - PHYSICAL DESCRIPTION
Extent 381p.
600 ## - SUBJECT ADDED ENTRY--PERSONAL NAME
Personal name Augustine, St.
9 (RLIN) 13740
942 ## - ADDED ENTRY ELEMENTS (KOHA)
Source of classification or shelving scheme Library of Congress Classification
Koha item type Monograph ( Printed materials)
Holdings
Withdrawn status Lost status Source of classification or shelving scheme Damaged status Not for loan Collection code Home library Current library Date acquired Total Checkouts Full call number Barcode Date last seen Copy number Price effective from Koha item type
    Library of Congress Classification     Main Collection ARRUPE LIBRARY ARRUPE LIBRARY 04/03/2013   BR65.A92 T4 1970 46003008389 15/11/2016 1 04/03/2013 Monograph ( Printed materials)

 

Arrupe Library. PO Box MP320 Mt Pleasant, Harare, Zimbabwe
263 242 745411|librarian@aju.ac.zw